000 00567nam a2200181Ia 4500
003 GCL
008 140319s9999 xx 000 0 ara d
040 _aGCL /
_cGCL
082 0 4 _a229.3
_bا ا
100 1 _aابى عبدالله شمس الدين بن القيم
245 1 0 _aاذكار اليوم والليلة /
_cابى عبدالله شمس الدين بن القيم
260 _a[S.N] :
_bمكتبة التراث الاسلامى ،
_c1987
300 _a158 ص
490 _a
650 0 4 _aالدعاء
650 0 4 _aالاوراد
942 _2ddc
_cBK
999 _c28416
_d28416